Les 20 plus grands pays par population (avec une carte) - Statistiques

Statistiques générales
  • Ce quiz a été pris 985 fois
  • Le résultat moyen est 16 sur 20
Réponses sur la Carte
Les réponses sont colorées sur une échelle allant du rouge au vert en fonction du pourcentage des utilisateurs qui les ont devinées à leur premier essai. Vous pouvez retrouver ces pourcentages ci-dessous.
 
Statistiques - réponses
Population Pays % Correct
1,382 mil Chine
99%
324 mil Etats-Unis
99%
1,314 mil Inde
99%
207 mil Brésil
98%
146 mil Russie
98%
122 mil Mexique
93%
126 mil Japon
88%
263 mil Indonésie
87%
82 mil Allemagne
83%
82 mil Rép. dém. du Congo
81%
191 mil Nigeria
80%
196 mil Pakistan
79%
80 mil Iran
78%
79 mil Turquie
78%
92 mil Égypte
76%
68 mil Thaïlande
72%
162 mil Bangladesh
67%
92 mil Viêt Nam
66%
104 mil Philippines
64%
93 mil Éthiopie
62%
Aucun quiz correspondant
Distribution des résultats
% des personnes avec chaque résultat
Percentile par nombre de réponses
Votre historique - résultats
Vous n’avez pas pris ce quiz